Образование льда на дне реки. Явления ледохода от всплывания донного льда. Процессы замерзания вод стоячих и текучих

Bibliografische gegevens
Hoofdauteur: Владимиров Л. Л.
Taal:Russisch
Gepubliceerd in: Санкт-Петербург, Типо-Литография С. М. Муллер, 1904
Reeks:X съезд русских деятелей по водяным путям
Onderwerpen:
Formaat: Boek
KOHA link:https://koha.lib.tpu.ru/cgi-bin/koha/opac-detail.pl?biblionumber=317425

MARC

LEADER 00000nam0a2200000 4500
001 317425
005 20231102002956.0
035 |a (RuTPU)RU\TPU\book\342893 
090 |a 317425 
100 |a 20160408d1904 km y0rusy50 ca 
101 0 |a rus 
102 |a RU 
105 |a a z 000zy 
200 1 |a Образование льда на дне реки. Явления ледохода от всплывания донного льда. Процессы замерзания вод стоячих и текучих  |f Л. Л. Владимиров 
210 |a Санкт-Петербург  |c Типо-Литография С. М. Муллер  |d 1904 
215 |a 42 с.  |c ил.  |e в приложении: фотография донного и поверхностного льда, рисунок разветвлений донного льда и графика температуры р. Свири на течении 
225 1 |a X съезд русских деятелей по водяным путям 
606 1 |a Ледоход на реках  |x Борьба с заторами  |2 stltpush  |3 (RuTPU)RU\TPU\subj\39942  |9 59840 
610 1 |a лед 
610 1 |a образование 
610 1 |a реки 
610 1 |a донный лед 
610 1 |a всплывание 
610 1 |a температурные графики 
675 |a 556.535.5  |v 3 
700 1 |a Владимиров  |b Л. Л. 
801 1 |a RU  |b 63413507  |c 20160408 
801 2 |a RU  |b 63413507  |c 20200609  |g RCR 
942 |c BK